| 000 | 00678nam a2200217 a 4500 | ||
|---|---|---|---|
| 001 | 000041000 | ||
| 003 | DO-SdBNP | ||
| 005 | 20230120091850.0 | ||
| 007 | ta | ||
| 008 | 130912s2021 dr 000 0 spa d | ||
| 020 | _a9789945610505 | ||
| 040 |
_aDO-SdBNP _bspa _cBNPHU |
||
| 082 |
_axxx _bR426 _222 |
||
| 110 | 1 |
_aRepública Dominicana. _9447 _bLeyes, decretos, etc |
|
| 245 | 1 | 0 |
_aLey no. 137-11 orgánica del Tribunal Constitucional y los procedimientos constitucionales : _b(mod. por la ley 145--11 de |
| 260 |
_aSanto Domingo : _bTribunal Constitucional, _c2021. |
||
| 300 |
_a54 p. ; _c24 cm. |
||
| 590 | _aInventariado, 2022 / DG | ||
| 910 | _aDG | ||
| 942 |
_2ddc _cLBS1 |
||
| 999 |
_c51709 _d51709 |
||